00422nam a2200169Ia 4500003000400000005001700004008004100021020001800062040000700080041000800087082002500095100002100120245004500141260003800186300001400224365001400238OSt20230511142903.0210423s2009 xx 000 0 und d a9788181286833 cAL aeng a660.28424 223bMULM aMULDER (Marcel). aBasic principles of membrane technology. aNew DelhibSpringer Pvt Ltdc2009 ax,564bPB b1295cINR